Commonest Three-Letter English Words Quiz Stats

Quiz Updated Jun 3, 2014

Challenge
Share
Tweet
Embed
Score 0/28 Timer 04:00
0 Plays Today
Rank Word % Correct
1the
94%
4and
81.9%
9you
66.2%
67her
64.7%
36can
63.4%
13for
60.7%
50she
58.5%
15are
57.4%
31but
54.9%
30not
53.9%
12was
50.6%
72him
50.3%
19his
49.7%
73two
47.7%
Rank Word % Correct
23one
45.6%
87who
43.1%
46how
40.8%
71see
40.1%
74has
34.3%
28had
33.3%
81did
31.8%
40all
28.3%
99now
28%
37out
27.7%
95may
25.4%
77day
20.1%
44use
15.8%
57way
14.9%

You're not logged in!

Compare scores with friends on all Sporcle quizzes.
Sign Up with Email
OR
Log In

You Might Also Like...

Show Comments

Extras

Top Quizzes Today


Score Distribution

Your Account Isn't Verified!

In order to create a playlist on Sporcle, you need to verify the email address you used during registration. Go to your Sporcle Settings to finish the process.